| 000 | 01409nam a2200373 c 4500 | ||
|---|---|---|---|
| 001 | 47510 | ||
| 003 | ES-MaCES | ||
| 005 | 20160422142135.0 | ||
| 008 | 160421s2015 sp o000 | spa d | ||
| 017 |
_aM 1599-2015 _bDL |
||
| 020 | _a9788490453537 | ||
| 020 | _a9788473515030 | ||
| 020 | _a9788473515047 (INAP electrónico) | ||
| 024 |
_a635-15-078-8 _2nipo |
||
| 024 |
_a635-15-079-3 _2nipo (electrónico) |
||
| 040 |
_aES-MaCES _bspa _cES-MaCES |
||
| 245 | 0 | 0 |
_aCurso de Derecho Administrativo iberoamericano _cdirs., Jaime Rodríguez-Arana, Libardo Rodríguez Rodríguez ; coord., María del Carmen Rodríguez Martín-Retortillo |
| 260 |
_aAlbolete (Granada) _bComares |
||
| 260 |
_e[Madrid] _bINAP, Instituto Nacional de Administración Pública _c2015 |
||
| 300 |
_a773 p. _c24 cm |
||
| 504 | _aBibliografía: p. 765-773 | ||
| 541 | _cGratuito | ||
| 650 | 4 |
_aderecho administrativo _927155 |
|
| 650 | 4 |
_aprocedimiento administrativo _930919 |
|
| 650 | 4 |
_aAmérica Latina _926882 |
|
| 650 | 4 |
_amanual _929264 |
|
| 653 | 1 | 0 | _aDerecho administrativo |
| 700 | 1 |
_922282 _aRodríguez-Arana Muñoz, Jaime _edir. |
|
| 700 | 1 |
_936795 _aRodríguez Rodríguez, Libardo _edir. |
|
| 700 | 1 |
_936796 _aRodríguez Martín-Retortillo, María del Carmen _ecoord. |
|
| 710 | 2 |
_94265 _aInstituto Nacional de Administración Pública (España) _eed. |
|
| 902 | _aLIB Libro | ||
| 942 |
_2CES _cBK _h6.0.2. |
||
| 999 |
_c47510 _d47510 |
||